UM Logo

Mature Number Sense Predicts Middle School Students' Mathematics Achievement / (Record no. 24468)

MARC details
000 -LEADER
fixed length control field 00930nam a22002177a 4500
003 - CONTROL NUMBER IDENTIFIER
control field OSt
005 - DATE AND TIME OF LATEST TRANSACTION
control field 20260323135809.0
008 - FIXED-LENGTH DATA ELEMENTS--GENERAL INFORMATION
fixed length control field 260323b |||||||| |||| 00| 0 eng d
040 ## - CATALOGING SOURCE
Transcribing agency 0
082 ## - DEWEY DECIMAL CLASSIFICATION NUMBER
Classification number DPer 370.15 J826 October-November 2024 v.116 n.7-8
100 ## - MAIN ENTRY--PERSONAL NAME
Personal name Kirkland, Patrick K.
Relator term author.
9 (RLIN) 70119
245 ## - TITLE STATEMENT
Title Mature Number Sense Predicts Middle School Students' Mathematics Achievement /
Statement of responsibility, etc. Patrick K. Kirkland, Claire Guang, Ying Cheng, and Nicole M. McNeil
260 ## - PUBLICATION, DISTRIBUTION, ETC. (IMPRINT)
Place of publication, distribution, etc. Washington D.C., USA.
Name of publisher, distributor, etc. American Psychological Association
Date of publication, distribution, etc. November 2024
300 ## - PHYSICAL DESCRIPTION
Extent volume 116, pages 1404-1420 :
Other physical details illustration ;
Dimensions 28cm.
500 ## - GENERAL NOTE
General note Journal of Educational Psychology, vol.116, no. 8, pages 1404-1420, November 2024
700 ## - ADDED ENTRY--PERSONAL NAME
Personal name Kirkland, Patrick K.
Relator term author.
9 (RLIN) 70119
700 ## - ADDED ENTRY--PERSONAL NAME
Personal name Guang, Claire
Relator term author.
9 (RLIN) 70120
700 ## - ADDED ENTRY--PERSONAL NAME
Personal name Cheng, Ying.
Relator term author.
9 (RLIN) 70121
700 ## - ADDED ENTRY--PERSONAL NAME
Personal name McNeil, Nicole M.
Relator term author.
9 (RLIN) 70122
942 ## - ADDED ENTRY ELEMENTS (KOHA)
Source of classification or shelving scheme Dewey Decimal Classification
Koha item type Periodicals
Holdings
Withdrawn status Lost status Source of classification or shelving scheme Damaged status Not for loan Collection code Home library Current library Date acquired Total Checkouts Full call number Date last seen Price effective from Koha item type Public note
    Dewey Decimal Classification     Periodicals UM Digos College - LIC UM Digos College - LIC 03/23/2026   DPer 370.15 J826 October-November 2024 v.116 n.7-8 03/23/2026   Periodicals Periodical Article